000 00968nam a2200277 i 4500
001 186717
003 SpMaBN
005 20250918063044.0
008 170208s2012 sp fo |||| | spa d
020 _a978-84-03-01308-7
080 _a821.521 Murakami, Haruki 1.07
080 _a913(520)(0:82)
100 1 _aRubio, Carlos,
_d1951-
_9161669
245 1 3 _aEl Japón de Murakami
_b: las señas de identidad del autor de "Tokio blues", un viaje hacia el país que configura su identidad /
_cCarlos Rubio.
250 _a1ª ed.
260 _aMadrid :
_bAguilar,
_c2012.
300 _a560 p., [16] p. de lám. col. ;
_c24 cm.
500 _aGlosario.
504 _aBibliografía: p. 11-12.
600 1 4 _aMurakami, Haruki,
_d1949-
_9241444
651 7 _aJapón-
_xEn la literatura.
_9161670
651 4 _aJapón-
_xDescripción.
_98884
852 _aES-MaACL
_jA-14008
_9193774
_bR.151279
_cDEPO1
_dOlim: N-7008
942 _2udc
999 _c186717
_d186717